| 000 | 01096nam a2200253Ia 4500 | ||
|---|---|---|---|
| 003 | GCL | ||
| 005 | 20240530110859.0 | ||
| 008 | 140319s1986 le g b 000 0 ara d | ||
| 040 |
_aGCL / _cGCL |
||
| 082 | 0 | 4 |
_a301.35/ _bج س |
| 100 | 1 | _aجلافانيس، كاثى | |
| 245 | 1 | 0 |
_aسوسيولوجيا العلاقات الزراعية فى الشرق الاوسط : _bاستمرار الانتاج العائلى / _cكاثى جلافانيس، باندلى جلافانيس ؛ ترجمة سامى الرزاز |
| 250 | _aط.1 | ||
| 260 |
_aبيروت : _bمؤسسة الابحاث العربية، _c1986. |
||
| 300 |
_a150 ص ؛ _b19 سم. |
||
| 504 | _aيشتمل على ارجاعات ببليوجرافيه | ||
| 650 | 0 | 7 |
_aالانتاج الزراعى _2qrmak |
| 650 | 0 | 7 |
_2qrmak _aالانتاج الزراعى _zالشرق الاوسط |
| 650 | 0 | 7 |
_aالارشاد الزراعى _2qrmak |
| 650 | 0 | 7 |
_aالاتصال الاجتماعى _2qrmak |
| 700 | 1 |
_aجلافانيس، باندلى _eمؤلف مشارك |
|
| 700 | 1 |
_aسامى الرزاز _eمترجم |
|
| 942 |
_2ddc _cBK |
||
| 999 |
_c66098 _d66098 |
||